<?xml version="1.0" encoding="UTF-8"?>
<collection xmlns="http://www.loc.gov/MARC21/slim">
 <record>
  <leader>01037pamaa2200217   4500</leader>
  <controlfield tag="001">0000044919</controlfield>
  <controlfield tag="005">20130117090000.0</controlfield>
  <controlfield tag="008">090218                             eng  </controlfield>
  <datafield tag="020" ind1="0" ind2="0">
   <subfield code="a">9780071448123 / 0071448128 (pbk.) </subfield>
  </datafield>
  <datafield tag="090" ind1="0" ind2="0">
   <subfield code="a">QP514.2 </subfield>
   <subfield code="b">WAL 2007</subfield>
  </datafield>
  <datafield tag="100" ind1="1" ind2="0">
   <subfield code="a">Walker </subfield>
  </datafield>
  <datafield tag="245" ind1="1" ind2="0">
   <subfield code="a">Biotechnology demystified  </subfield>
   <subfield code="c">Sharon Walker, Ph. D.</subfield>
  </datafield>
  <datafield tag="260" ind1="0" ind2="0">
   <subfield code="a">New York: </subfield>
   <subfield code="b">McGraw-Hill, </subfield>
   <subfield code="c">2007.</subfield>
  </datafield>
  <datafield tag="300" ind1=" " ind2=" ">
   <subfield code="a">xi, 370 p.: </subfield>
   <subfield code="b">ill.; </subfield>
   <subfield code="c">24 cm.</subfield>
  </datafield>
  <datafield tag="440" ind1="0" ind2="0">
   <subfield code="a">Demystified series</subfield>
  </datafield>
  <datafield tag="500" ind1="0" ind2="0">
   <subfield code="a">Includes index</subfield>
  </datafield>
  <datafield tag="501" ind1="0" ind2="0">
   <subfield code="a">BBTEI</subfield>
  </datafield>
  <datafield tag="505" ind1="0" ind2="0">
   <subfield code="a">The chemistry of biomolecules -- Cell structures and cell division -- Carbohydrates -- Lipids -- Lipid metabolism -- Protein structure -- Protein assembly and disassembly -- Nucleic acids and nucleotides -- Enzymes -- Glycolysis -- The citric acid cycle and oxidative phosphorylation -- Control of chemical processes : signal biomolecules -- Specialty functions -- Bioinformation, analytical techniques, and bioinformatics</subfield>
  </datafield>
  <datafield tag="650" ind1="0" ind2="0">
   <subfield code="a">Biochemistry </subfield>
  </datafield>
  <datafield tag="800" ind1="0" ind2="0">
   <subfield code="a">McGraw-Hill &quot;Demystified&quot; series</subfield>
  </datafield>
  <datafield tag="901" ind1=" " ind2=" ">
   <subfield code="u">www.mhhe.com</subfield>
  </datafield>
 </record>
</collection>
